00538nam a22001817a 4500003000400000005001700004008004100021020001800062050002400080082002500104100002400129245008000153250001200233260003800245300002300283520004400306562000600350OSt20160109095209.0130702t xxu||||| |||| 00| 0 eng d a9780071258937 aQA 76.9b.B477 2007 aCS 005.12 bB43 2007 aBentley, Lonnie D.  aSystem analysis and design for the global enterprise c Lonnie D. Bentley.  a7th ed. aBoston : bMcGraw-Hill, cc2007.  a747 p. :c27 cm. : a1. Systems analysis. 2. System design. e1